| 000 | 01061nam a22002537a 4500 | ||
|---|---|---|---|
| 005 | 20170124103004.0 | ||
| 010 | _aA-960247 | ||
| 020 |
_c200.00 _a8186253084 |
||
| 035 | _aA-960247 | ||
| 037 | _bCen Lib/Ret | ||
| 040 |
_aDPL _bHN |
||
| 082 |
_aउ _bतुर्गने |
||
| 100 |
_aतुर्गनेव, इवान _97808 |
||
| 245 |
_aपिता और पुत्र / _cइवान तुर्गनेव |
||
| 246 |
_aPita aur putra / _bby Iwan Turgnev |
||
| 260 |
_aदिल्ली _bसंस्कृति साहित्य _c1998 |
||
| 270 |
_a30/21-ए, गली न.9, विश्वास नगर, शाहदरा _bदिल्ली _e110032 |
||
| 300 |
_a215पृ. _c21सेमी (सजिल्द) |
||
| 650 |
_a हिन्दी साहित्य _955770 |
||
| 650 |
_a हिन्दी साहित्य -- उपन्यास _946379 |
||
| 650 |
_aHindi literature _955771 |
||
| 650 |
_aHindi literature -- Fiction _955772 |
||
| 942 |
_2ddc _cHN _hउ _mतुर्गने |
||
| 999 |
_c114197 _d114197 |
||